|
|
|
|
| LEADER |
00779nam a2200253Ia 4500 |
| 008 |
141004s9999 xx 000 0 und d |
| 040 |
|
|
|c a
|
| 041 |
|
|
|a English
|
| 082 |
|
|
|a 582.16
|
| 082 |
|
|
|b BOU/FO
|
| 100 |
|
|
|a TF Bourdillon
|
| 245 |
|
|
|c TF Bourdillon
|
| 245 |
|
4 |
|a The forest trees of travancore
|
| 260 |
|
|
|a Delhi
|
| 260 |
|
|
|b Periodical experts book agency
|
| 260 |
|
|
|c 1908
|
| 300 |
|
|
|a 456 p.
|
| 300 |
|
|
|b 22 cm
|
| 365 |
|
|
|a Rs.175
|
| 501 |
|
|
|a Fl.D-Plant
|
| 650 |
|
|
|a Forest trees
|
| 942 |
|
|
|c BK
|
| 999 |
|
|
|c 171567
|d 171567
|
| 952 |
|
|
|0 0
|1 0
|4 0
|6 582_160000000000000_BOU_FO
|7 0
|9 176772
|a KAUCOF
|b KAUCOF
|d 2040-04-05
|g 175.00
|l 2
|o 582.16 BOU/FO
|p KAU_COF-1583
|r 2018-11-22
|s 2018-11-16
|w 2014-10-04
|y BK
|